000 00373nam a22001577a 4500
005 20190527151416.0
008 190527b xxu||||| |||| 00| 0 eng d
020 _a978-93-5164-525-2
041 _aeng
100 _aPAWAR, DR, ATMARAM
_94944
245 _aPHARMACEUTICS-II
250 _a4th ED, 2018
260 _aPUNE
_bNIRALI PRAKASHAN
300 _a8.16p,
942 _cBK
999 _c5855
_d5853